| Tag |
First Indicator |
Second Indicator |
Subfields |
| LEADER |
00000cam a22000001a 4500 |
| 001 |
in00003207521 |
| 006 |
m d f |
| 007 |
cr bn mmmapmmp |
| 008 |
100323s1980 dcua ob f000 0 eng d |
| 005 |
20260504203720.5 |
| 035 |
|
|
|a cis2007493387
|
| 040 |
|
|
|a UMI
|c UMI
|d UtOrBLW
|
| 043 |
|
|
|a n-us---
|
| 074 |
|
|
|a 1019
|
| 086 |
0 |
|
|a Y 4.In 8/4:96-208
|
| 088 |
|
|
|a Serial No. 96-208 (United States. Congress. House. Committee on Interstate and Foreign Commerce)
|
| 099 |
|
|
|a HRG-1980-FCH-0056
|
| 110 |
1 |
|
|a United States.
|b Congress.
|b House.
|b Committee on Interstate and Foreign Commerce.
|b Subcommittee on Consumer Protection and Finance.
|
| 245 |
1 |
0 |
|a Venture Capital Improvements Acts of 1980 :
|b hearing before the Subcommittee on Consumer Protection and Finance of the Committee on Interstate and Foreign Commerce, House of Representatives, Ninety-sixth Congress, second session, on H.R. 7554 ... H.R. 7491 ... June 17, 1980.
|
| 264 |
|
1 |
|a Washington :
|b U.S. G.P.O.,
|c 1980.
|
| 300 |
|
|
|a 1 online resource.
|
| 336 |
|
|
|a text
|b txt
|2 rdacontent
|
| 337 |
|
|
|a computer
|b c
|2 rdamedia
|
| 338 |
|
|
|a online resource
|b cr
|2 rdacarrier
|
| 500 |
|
|
|a Record is based on bibliographic data in ProQuest Congressional Hearings Digital Collection. Reuse except for individual research requires license from ProQuest, LLC.
|
| 504 |
|
|
|a Includes bibliographical references.
|
| 538 |
|
|
|a System requirements: PDF reader software.
|
| 500 |
|
|
|a Electronic resource.
|
| 650 |
|
0 |
|a Small business
|x Law and legislation
|z United States.
|
| 650 |
|
0 |
|a Venture capital
|z United States.
|
| 650 |
|
0 |
|a Small business
|z United States
|x Finance.
|
| 650 |
|
0 |
|a Small business investment companies.
|
| 655 |
|
7 |
|a Electronic books.
|2 local
|
| 710 |
2 |
|
|a ProQuest (Firm)
|
| 776 |
0 |
8 |
|i Print version:
|a United States. Congress. House. Committee on Interstate and Foreign Commerce. Subcommittee on Consumer Protection and Finance.
|t Venture Capital Improvements Acts of 1980
|w (OCoLC)07115543
|w gp 81003073
|
| 776 |
0 |
8 |
|i Microfiche version:
|a United States. Congress. House. Committee on Interstate and Foreign Commerce. Subcommittee on Consumer Protection and Finance.
|t Venture Capital Improvements Acts of 1980.
|d [Bethesda, Md.] : ProQuest,[2004]
|o CIS 81 H501-31
|w (ProQuest)cis08100925
|
| 830 |
|
0 |
|a U.S. Congressional Hearings.
|
| 856 |
4 |
0 |
|u http://proxy.library.tamu.edu/login?url=https://congressional.proquest.com/congcomp/getdoc?HEARING-ID=HRG-1980-FCH-0056
|z Connect to the full text of this electronic book
|t 0
|
| 998 |
|
|
|a cis08100925
|
| 999 |
|
|
|a MARS
|
| 999 |
f |
f |
|s bce80204-b06d-3cd4-998d-04f0bf34a919
|i 4baa660d-e288-32a9-b3ad-13fbdcf21917
|t 0
|
| 952 |
f |
f |
|a Texas A&M University
|b College Station
|c Electronic Resources
|s www_evans
|d Available Online
|t 0
|e HRG-1980-FCH-0056
|h Other scheme
|
| 998 |
f |
f |
|a HRG-1980-FCH-0056
|t 0
|l Available Online
|